00630nam a22002057a 450000500170000001000130001702000230003003500130005303700160006604000120008208200180009424501100011226000560022227000320027830000250031065000270033565000220036270000180038470000220040220170124110029.0 aA-943040 c125.00a8173420467 aA-943040 bCen Lib/Ret aDPLbEN a401.0954bGOA aGoals and strategies of development of Indian languages /cedited by B. D. Jayaram [and] K. S. Rajyashree aMysorebCentral Institute of Indian languagesc1998 aVinoba RoadbMysoree570006 aviii,281p.c23cm(Hb) aLanguage and languages aLanguage planning aJayaram, B. D a Rajyashree, K. S